| 000 | 01204cam a2200241 4500 | ||
|---|---|---|---|
| 001 | ABS67201 | ||
| 008 | 031007n2003 000 0 eng u | ||
| 035 | _a(Sirsi) u123858 | ||
| 245 | _aO'Brien v Harwood (VO) | ||
| 260 | _c2003 | ||
| 490 |
_aRating Appeals _v[2003] RA 244-259(8) |
||
| 520 | _aRA/22/2002, 5 June 2003. LT upheld VO's assessment of advertising rights. The ratepayer (O')'s valuation based on receipts was rejected as unreliable and he failed to establish that the assessment was out of line with the tone of the list for nearby advertising rights. After considering all the relevant evidence in the form of rents and assessments, O failed to establish the burden of proof that the valuation tribunal's assessment was wrong. View decision at www.courtservice.gov.uk. | ||
| 590 | _aABS | ||
| 650 | _aO'BRIEN V HARWOOD (VO) | ||
| 650 | _aRATING APPEALS | ||
| 650 | _aRATING ASSESSMENT | ||
| 650 | _aADVERTISING RIGHTS | ||
| 650 | _aCOMPARABLES | ||
| 650 | _aRATEABLE VALUE | ||
| 690 | _aRATING AND LOCAL TAXATION-CASE LAW | ||
| 856 |
_uhttps://www.courtservice.gov.uk/tribunals/lands/decisions/ra-22-2002.htm _zView decision on the Court Service website... |
||
| 942 | _n0 | ||
| 999 |
_c73562 _d73562 |
||